Statystyki dla Zawartość piórnika ucznia klas 1-3 podstawówki

Kliknij tutaj aby rozwiązać quiz!

Ogólne statystyki

  • Ten quiz został rozwiązany 64 razy
  • Średni wynik to 4 z 15

Statystyki odpowiedzi

HintOdpowiedzi% Poprawnych
-Ołówek
90%
-Kredki
88%
-Nożyczki
48%
-Klej
47%
-Gumka do mazania
38%
-Mazaki
35%
-Cyrkiel
22%
-
Długopis ścieralny
5%
-Ekierkę
5%
-Linijkę
5%
-Drobniaki
3%
-Śmieci
3%
-Temperówkę
3%
-Długopis nie ścieralny
2%
-Żelopisy
2%

Rozkład punktacji

Percentyl według liczby udzielonych odpowiedzi

Procent ludzi z każdym wynikiem

Twoja historia wyników

Nie rozwiązałeś tego quizu